000 00584nam a2200241Ia 4500
003 OSt
005 20220918174352.0
006 a|||||r|||| 00| 0
007 ta
008 220917b |||||||| |||| 00| 0 eng d
024 _a11,827
037 _cTextual
040 _aARTS
_cARTS
_beng
041 _2eng
_aeng
082 _aMK783, H5 IDM
100 _aFraser Allan
_950204
245 0 _aSheep farming
250 _a3rd
260 _c1945
650 _aLIVESTOCK INDUSTRY
_9196
942 _hMK783, H5 IDM
_cTEXL
_2CC
999 _c152912
_d152912